Les niveaux de Paper Mario Color Splash - Statistiques

Statistiques générales
  • Ce quiz a été pris 45 fois
  • Le résultat moyen est 19 sur 32
Statistiques - réponses
Ordre des niveaux Couleur de la région Nom du niveau % Correct
1 Blanc (Hub) Port Barbouille
100%
32 Noir Château de Bowser Sombre
82%
2 Rouge Route Ecarlate
79%
5 Bleu Plage Lapilazuli
75%
31 Vert (Grande Etoile) Cirque Émeraude
71%
18 Bleu (Grande Etoile) Fort Cobalt
71%
3 Rouge Lac Cerise
71%
6 Jaune Mont Citron
71%
7 Rouge (Grande Etoile) Tour Cramoisie
71%
13 Jaune (Grande Etoile) Colisée d'or
68%
22 Violet (Grande Etoile) Île au trésor
64%
21 Violet Île du phare
64%
24 Orange Usine Toad
64%
11 Vert Vallée Marmelade
64%
26 Orange (Grande Etoile) Express du Crépuscule
61%
20 Violet Île du Maelström
61%
15 Violet Parc Prune
61%
25 Orange Resto Clémentine
61%
17 Bleu Base Cobalt
57%
14 Bleu Hôtel Ocyan
57%
12 Orange Temple Kiwano
57%
23 Jaune Café Curry
54%
8 Jaune Crête Ensoleillée
54%
19 Violet Détroit Aubergine
54%
16 Vert Bois Bonsaï
50%
27 Rouge Volcan Vermillon
50%
29 Vert Centrale électrique Ariko
43%
9 Jaune Domaine Chanterelle
43%
4 Bleu Cavernes Indigo
39%
28 Rouge Cratère Vermillon
39%
10 Vert Foret Wasabig
39%
30 Vert Théâtre Mousse-Sur-Roche
39%
Aucun quiz correspondant
Distribution des résultats
% des personnes avec chaque résultat
Percentile par nombre de réponses
Votre historique - résultats
Vous n’avez pas pris ce quiz